000 00579nam a2200193Ia 4500
001 23743
003 GE_BSU
008 181216s||||||||xx |||||||||||||| ||und||
040 _cGE_BSU
245 _aТурбизнес=Travel trade russia №10 сентябрь 2018.
245 _cГл.ред. ИРИНА СМИРНОВА
260 _aмосква
260 _c2018г
300 _a44 стр. 28 см.
653 _aПериодика
653 _aТурбизнес=Travel trade russia №10 сентябрь 2018.
653 _aპერიოდიკა
942 _cCR
999 _c56622
_d56622